| 000 | 00460ntaaa2200157 4500 | ||
|---|---|---|---|
| 003 | 01 | ||
| 005 | 20251027201553.0 | ||
| 008 | 0714s1973 ag 01 | ||
| 040 |
_aAR-BaBN _bspa _cAR-BaBN _eaacr _dRIC |
||
| 082 | _a230.0000 D114 | ||
| 100 |
_aDabney, R. L. _914348 |
||
| 245 | _aSyllabus and Notes of the Course of Systematic and Polemic Theology Taught in the Union Theological Seminary, Virginia | ||
| 250 |
_a1 ed., _cc1871 |
||
| 650 | _aTeologĂa | ||
| 942 | _cBK | ||
| 999 |
_c10303 _d10303 |
||